150 Common Words in Swedish Quiz - Statistics

General Stats
  • This quiz has been taken 517 times
  • The average score is 91 of 150
Answer Stats
Word Answer % Correct
Vatten Water
95%
Frukt Fruit
92%
Fisk Fish
91%
Bok Book
90%
Katt Cat
88%
Musik Music
88%
Skola School
88%
Barn Child
87%
Stad City
87%
Norr North
87%
Sommar Summer
87%
Hund Dog
86%
Familj Family
86%
Kniv Knife
86%
Bibliotek Library
86%
Bröd Bread
85%
Grön Green
85%
Lampa Lamp
85%
Natt Night
85%
Pengar Money
84%
Dansa Dance
83%
Ägg Egg
83%
Morgon Morning
83%
Soppa Soup
83%
Kött Meat
82%
Vin Wine
81%
Mat Food
80%
Gammal Old
80%
Potatis Potato
80%
År Year
80%
Öl Beer
79%
Svart Black
79%
Hem Home
79%
Jacka Jacket
79%
Vit White
79%
Ost Cheese
78%
Först First
78%
Häst Horse
78%
Röd Red
78%
Fönster Window
78%
Stol Chair
76%
Öster East
76%
Tid Time
76%
Flicka Girl
75%
Glass Ice cream
74%
Älska Love
74%
Köpa Buy
73%
Dörr Door
73%
Blomma Flower
73%
Berg Mountain
71%
Snö Snow
71%
I dag Today
71%
Strand Beach
70%
Byxor Pants
70%
Dusch Shower
70%
Sko Shoe
69%
Lilla Small
69%
Gul Yellow
69%
Båt Boat
68%
Frukost Breakfast
68%
Öra Ear
68%
Dröm Dream
67%
Vän Friend
67%
Ö Island
67%
Regn Rain
67%
Sova Sleep
67%
Försoka Try
67%
Gaffel Fork
66%
Farfar Grandfather
66%
Kök Kitchen
66%
Olja Oil
66%
Cykel Bike
65%
Färg Color
65%
Mörk Dark
65%
Hår Hair
65%
Ljus Light
65%
Sjunga Sing
65%
Arbete Work
64%
Moder Mother
62%
Fråga Question
62%
Skjorta Shirt
62%
Kort Short
62%
Hänga Hang
61%
Tidning Newspaper
61%
Gata Street
61%
Skog Forest
60%
Näsa Nose
60%
Ung Young
60%
Kväll Evening
59%
Vänster Left
58%
Trevlig Nice
58%
Börja Start
58%
Skratta Laugh
57%
Bord Table
57%
Öga Eye
55%
Spegel Mirror
55%
Rik Rich
55%
Tåg Train
55%
Hav Sea
54%
Söder South
54%
Höger Right
53%
Bastu Sauna
53%
Väska Bag
52%
Träd Tree
51%
Färsk Fresh
50%
Butik Store
50%
Besök Visit
50%
Ledsen Sad
49%
Hög High
48%
Måne Moon
48%
Sovrum Bedroom
47%
Rita Draw
46%
Lycklig Happy
46%
Handduk Towel
46%
Sjö Lake
45%
Tung Heavy
44%
Plötsligt Suddenly
43%
Tvätta Wash
43%
Ansikte Face
42%
Svamp Mushroom
42%
Tyst Quiet
42%
Sked Spoon
42%
By Village
40%
Konstnär Artist
39%
Eld Fire
39%
Försiktig Careful
38%
Fattig Poor
37%
Överraskning Surprise
36%
Konstig Weird
36%
Resa Trip
35%
Full Drunk
34%
Jaga Hunt
34%
Lukt Smell
33%
Leende Smile
33%
Samhälle Society
33%
Moln Cloud
32%
Bomull Cotton
32%
Trappa Stairs
27%
Vissla Whistle
26%
Modig Brave
25%
Rörelse Movement
25%
Återvinning Recycling
25%
Frisk Healthy
24%
Solsken Sunshine
24%
Ull Wool
23%
Kompis Buddy
22%
Källare Cellar
20%
Stiga Rise
19%
Nota Bill
15%
Handflatan Palm
15%
No matching quizzes found
Score Distribution
Percent of People with Each Score
Percentile by Number Answered
Your Score History
You have not taken this quiz